| 000 | 00831nam a2200241 a 4500 | ||
|---|---|---|---|
| 001 | 000035072 | ||
| 005 | 20240509200459.0 | ||
| 008 | 111024s1956 mx 000 0 spa d | ||
| 040 |
_aDO-SdBNP _bspa _cBNPHU |
||
| 082 |
_a160 _bL489L |
||
| 100 | 1 |
_aLefebvre, Henri _944705 |
|
| 245 | 1 | 0 |
_aLógica formal y lógica dialéctíca. / _cHenri Lefebvre ; nota y preliminar y traducción de Eli de Gortari. |
| 260 |
_aMéxico : _bUniversitaria, _c1956. |
||
| 300 |
_a103 ; _c18 cm. |
||
| 490 | 1 |
_aFilosofía y letras _v11 |
|
| 590 | _aPerteneció a la biblioteca personal de Juan Isidro Jimenes Grullón. | ||
| 650 | 0 |
_aLógica _9332 |
|
| 650 | 4 |
_aDialéctica _960724 |
|
| 700 | 1 | 2 |
_aGortari, Eli de,, _d1918-1991 _etr. _960725 |
| 830 | 0 |
_aFilosofía y letras _v11 _960726 |
|
| 910 | _aValidado. Control de calidad MFF | ||
| 049 | _aBNGR | ||
| 999 |
_c34563 _d34563 |
||